000 00474cam a2200169ua 4500
003 OSt
008 230711b |||||||| |||| 00| 0 eng d
041 _aeng
082 _a028.726313
_bSAR/MA
100 _aSaraswat , D .
_95502
245 _aManual on testing and evaluation of agricultural machinery /
250 _a1 /
260 _aBhopal :
_bCentral Institute of Agricultural Engineering ,
_c1997.
300 _a484 ; .
700 1 _aDas, P K .
_95503
942 _cBK
999 _c5475
_d5475